000
00332nam a2200145Ia 4500
008
230917s9999||||xx |||||||||||||| ||und||
040
_e
110246
_a
MAIN
041
_a
English
082
_a
589.2 S61F
100
_a
Sumbali, Geeta
245
0
_a
Fungi
260
_a
New Delhi
_b
Narosa
_c
2005
300
_a
xiii, 298p p.
942
_c
BK
999
_c
128896
_d
128896